Fill in the U.S. Map by Ancestry - Statistics

General Stats
  • This quiz has been taken 1,476 times
  • The average score is 41 of 50
Answers on the Map
Answers color-coded by a green-red scale on the quiz's map according to % correct below.
 
Answer Stats
Ancestry % Correct
English
95%
English
95%
English
95%
German
94%
German
94%
German
94%
German
94%
German
94%
German
94%
German
94%
German
94%
German
94%
German
94%
German
94%
German
94%
German
94%
German
94%
German
94%
German
94%
German
94%
German
94%
German
94%
German
94%
German
94%
German
94%
German
94%
Mexican
87%
Mexican
87%
Mexican
87%
Mexican
87%
Italian
82%
Italian
82%
Italian
82%
Italian
82%
Irish
81%
Irish
81%
African
63%
African
63%
African
63%
African
63%
African
63%
African
63%
African
63%
African
63%
African
63%
Japanese
52%
American
43%
American
43%
American
43%
American
43%
No matching quizzes found
Score Distribution
Percent of People with Each Score
Percentile by Number Answered
Your Score History
You have not taken this quiz